000 002960000a22001330004500
041 0 _aSPA
082 0 4 _aG 819.91 C297s
100 1 _aCarpentier, Alejo (1904- )
245 1 0 _aEl siglo de las luces / Alejo Carpentier
260 _a[S.L] : Faro
300 _a423 Pag
001 10880
942 _cBK
999 _c40300
_d40300